| 000 | 01264cam a22003854a 4500 | ||
|---|---|---|---|
| 001 | 14118365 | ||
| 003 | OSt | ||
| 005 | 20140310182746.0 | ||
| 008 | 050923s2007 nyua 001 0 eng | ||
| 010 | _a 2005027977 | ||
| 020 | _a0071253270 | ||
| 035 | _a(OCoLC)ocm61704795 | ||
| 040 |
_aDLC _cDLC _dYDX _dBAKER _dDLC |
||
| 042 | _apcc | ||
| 050 | 0 | 0 |
_aQC 21.3 _b.G432 2007 |
| 082 | 0 | 0 |
_aM 530.22 _bG34 2007 |
| 100 | 1 | _aGiambattista, Alan. | |
| 245 | 1 | 0 |
_aCollege physics / _cGiambattista, Alan; Richardson, Betty McCarthy; Richardson, Robert C. |
| 250 | _a2nd ed. | ||
| 260 |
_aNew York : _bMcGraw-Hill Higher Education, _cc2007. |
||
| 300 |
_axxxii, 1104 p. : _bill. ; _c23 cm. |
||
| 500 | _aIncludes index. | ||
| 521 | _aCollege Students | ||
| 526 | _c1210L to 1700L | ||
| 541 | _j1 | ||
| 541 | _j2 | ||
| 562 | _e2 | ||
| 650 | 0 | _aPhysics. | |
| 700 | 1 | _aRichardson, Betty McCarthy. | |
| 700 | 1 |
_aRichardson, Robert C. _q(Robert Coleman), _d1937- |
|
| 856 | 4 | 1 |
_3Table of contents _uhttp://www.loc.gov/catdir/toc/ecip0519/2005027977.html |
| 906 |
_a7 _bcbc _corignew _d1 _eecip _f20 _gy-gencatlg |
||
| 942 |
_2lcc _cBK _kM |
||
| 999 |
_c15652 _d15652 |
||